000 00376nam a22001577a 4500
003 MACL
005 20150602164105.0
008 MACL
040 _cMACL
082 _a080
100 _aDas , Dr.H.Nanda
_9125
245 _aHow to Improve your Memory
260 _aDelhi
_bNewyork Book Company
_c2010
650 _aMotivativ
_9126
942 _2ddc
_cBK
_h080
_k080
999 _c49783
_d49783